The Economic policy of Colbert (Record no. 374801)

000 -LEADER
fixed length control field 00444cam a22001457a 4500
008 - FIXED-LENGTH DATA ELEMENTS--GENERAL INFORMATION
fixed length control field 180718b1899 xxu||||| |||| 00| 0 eng d
082 ## - DEWEY DECIMAL CLASSIFICATION NUMBER
Classification number T0x44 Sa73
100 ## - MAIN ENTRY--PERSONAL NAME
Personal name Sargent, A.J.
245 ## - TITLE STATEMENT
Title The Economic policy of Colbert
Statement of responsibility, etc. by A.J. Sargent
260 ## - PUBLICATION, DISTRIBUTION, ETC.
Place of publication, distribution, etc. London
Name of publisher, distributor, etc. Longmans
Date of publication, distribution, etc. 1899
300 ## - PHYSICAL DESCRIPTION
Extent 138p.
650 ## - SUBJECT ADDED ENTRY--TOPICAL TERM
Topical term or geographic name entry element Colbert, Jean Baptiste - Criticism and Interpretation
650 ## - SUBJECT ADDED ENTRY--TOPICAL TERM
Topical term or geographic name entry element France - Economic Policy
650 ## - SUBJECT ADDED ENTRY--TOPICAL TERM
Topical term or geographic name entry element France - Economic History
Holdings
Withdrawn status Lost status Damaged status Not for loan Permanent Location Current Location Date acquired Full call number Barcode Date last seen Price effective from Koha item type
        Indian Institute of Public Administration Indian Institute of Public Administration 2010-01-18 T0x44 Sa73 A406 2018-07-21 2018-07-21 A

Powered by Koha